000 00631nam a2200205Ia 4500
005 20250508164642.0
008 008 250505s9999 xx 000 0 eng d
037 _aReference
040 _aFEDL
_beng
_cFEDL
041 _aeng
_2eng
084 _a371.26, HAR/RR
_qFEDL
100 _aHarlen Wynne Ed.
_9140302
245 0 _aStudent assessment and testing. 4 Vols.
260 _aLos Angeles, USA
_bSage Publications
_c2008
365 _aGBP
_b575
490 _aSage library of educational thought and practice
650 _aEducational measurement
942 _cREF
_h371.26, HAR/RR
999 _c1390340
_d1390340